000 01364nam a2200385 a 4500
001 vtls000537456
003 NLI
005 20210603145206.0
008 110309s1987 bg f g 000 0 ben d
020 _cRs.40.00
022 _cRs.
039 9 _y201103091709
_zbengal1
040 _aNLI
_bben
041 0 _aben
044 _aii
082 0 4 _a335.4
_222
100 1 _6880-01
_aচক্রবর্তী , জ্ঞান
_91511
245 1 0 _6880-02
_aঢাকা জেলার কমিউনিস্ট আন্দোলনের অতীত যুগ
_cজ্ঞান চক্রবর্তী
260 _aঢাকা :
_bজাতীয় সাহিত্য প্রকাশন ,
_c1987
300 _a151p. :
_bplate ;
_c22cm.
650 0 _aCommunism
_91081
700 1 _6880-03
710 _6880-04
880 1 _6100-01(B
_aCakrabarti, Jnan
880 1 0 _6245-02(B
_aDhaka jelar kamiunist andolalaner atit yug
_cJnan Cakrabarti
880 1 _6700-03(B
880 1 _6700-04(B
887 _aSomenath Diyasi
901 _a569
_b27.04.88
902 _aB335.4 C18121
904 _aSomenath Diyasi
942 _2ddc
_cBKS
949 _AVIRTUAITEM
_D10008
_X100
_6PUR000000569BEN
_e569
999 _aVIRTUA
_c454635
_d454635
999 _aVTLSSORT0080*0200*0220*0400*0410*0440*0820*1000*2450*2600*3000*6500*7000*7100*8800*8801*8802*8803*9010*9020*9040*9992